| 000 | 00000nam##2200000za#4500 |
| 001 | 9.607946 |
| 003 | CaOODSP |
| 005 | 20210624213359 |
| 007 | cr ||||||||||| |
| 008 | 150406|2003||||xxc|||||o f|0| 0 fre|d |
| 040 | |aCaOODSP|bfre |
| 043 | |an-cn--- |
| 086 | 1 |aNH18-22/103-118F-PDF |
| 110 | 2 |aSociété canadienne d'hypothèques et de logement. |
| 245 | 10|aÉtude sur l'installation en rattrapage de pompes géothermiques dans un collectif d'habitation chauffé à l'électricité |h[ressource électronique] |
| 250 | |aRévision 2006 |
| 260 | |aOttawa - Ontario : |bSociété canadienne d'hypothèques et de logement |cc2003, 2006. |
| 300 | |a4p. |
| 490 | 1 |aLe point en recherche. Série technique |v03-118 |
| 500 | |aFichier reproduit à partir de l'original imprimé. |
| 590 | |a14-19-Supp|b2014-11-03 |
| 775 | 08|tInvestigation of a ground-source heat pump retrofit to an electrically heated multi-family building |w(CaOODSP)9.581082 |
| 776 | 0#|tÉtude sur l'installation en rattrapage de pompes géothermiques dans un collectif d'habitation chauffé à l'électricité |w(CaOODSP)9.626444 |
| 830 | #0|aLe point en recherche. Série technique ;|v03-118|w(CaOODSP)9.501067 |
| 856 | 40|ahttp://publications.gc.ca|qPDF|s292 Ko|uhttps://publications.gc.ca/collections/collection_2014/schl-cmhc/NH18-22-103-118-fra.pdf|y03-118 |